| 000 | 00361 a2200109 4500 | ||
|---|---|---|---|
| 020 | _a0131498630 (alk. paper) | ||
| 082 | _a808.0666 ROS | ||
| 100 | _aRosenberg, Barry J. | ||
| 245 |
_aSpring into technical writing for engineers and scientists / _cBarry J. Rosenberg. |
||
| 260 |
_aIndia : _bPearson education, _c2005. |
||
| 300 |
_axxi, 318 p. : _bill. ; _c23 cm. |
||
| 650 | _aTechnical writing. | ||
| 999 |
_c1834 _d1834 |
||